Fr. Conceicao Rodrigues College of Engineering

Introduction to biomaterials (Record no. 24588)

MARC details
000 -LEADER
fixed length control field 00376nam a2200169Ia 4500
082 ## - DEWEY DECIMAL CLASSIFICATION NUMBER
Classification number 542
Item number AGR
100 ## - MAIN ENTRY--PERSONAL NAME
Personal name Agrawal/Mauli C
245 ## - TITLE STATEMENT
Title Introduction to biomaterials
260 ## - PUBLICATION, DISTRIBUTION, ETC.
Name of publisher, distributor, etc. Cambridge University Press
Date of publication, distribution, etc. 2014
366 ## - TRADE AVAILABILITY INFORMATION
Publishers's discount category 25
300 ## - PHYSICAL DESCRIPTION
Extent 402
546 ## - LANGUAGE NOTE
Language note ENGLISH
-- Info.Tech
650 ## - SUBJECT ADDED ENTRY--TOPICAL TERM
Topical term or geographic name entry element Biomaterials
654 ## - SUBJECT ADDED ENTRY--FACETED TOPICAL TERMS
Focus term biomaterials
942 ## - ADDED ENTRY ELEMENTS (KOHA)
Koha item type BOOK
Holdings
Withdrawn status Lost status Damaged status Not for loan Collection Home library Current library Date acquired Source of acquisition Cost, normal purchase price Inventory number Total Checkouts Full call number Barcode Date last seen Cost, replacement price Price effective from Koha item type
        CRC Fr. Agnel's C.Rodrigues College of Engineering Fr. Agnel's C.Rodrigues College of Engineering 17/03/2023 Allied Publishers 675.00 897 dt 06.01.2017   542 AGR 24524 17/03/2023 900.00   BOOK